[Event "Europe Echecs online op April"]
[Site "Europe Echecs INT"]
[Date "2020.04.11"]
[Round "8"]
[White "Zamfiresco, Olivier"]
[Black "Vlachos, Anatole"]
[Result "0-1"]
[WhiteElo "1808"]
[BlackElo "2408"]
[PlyCount "64"]
[EventDate "2020.04.11"]
[EventType "swiss (blitz)"]
[EventRounds "11"]
[EventCountry "FRA"]
[SourceTitle "EXT 2021"]
[Source "ChessBase"]
[SourceDate "2020.10.23"]
[SourceVersion "1"]
[SourceVersionDate "2020.10.23"]
[SourceQuality "1"]

1. d4 f5 2. Nc3 Nf6 3. Bf4 e6 4. f3 Bb4 5. Qd2 0-0 6. Bg5 b6 7. h4 h6 8. Bxh6 gxh6 9. Qxh6 Nh7 10. Rh3 Qf6 11. Rg3+ Kh8 12. Rg6 Qxd4 13. Nh3 Rf7 14. Ng5 Rg7 15. Nxh7 Rxh7 16. Qg5 Qxh4+ 17. g3 Qxg5 18. Rxg5 Nc6 19. 0-0-0 Bb7 20. e4 Bc5 21. f4 Rg8 22. Rxg8+ Kxg8 23. exf5 exf5 24. Bd3 Ne7 25. Bc4+ Kf8 26. Rxd7 Be3+ 27. Kd1 Bf3+ 28. Ke1 Rh1+ 29. Bf1 Bc5 30. Rd8+ Kf7 31. Rd7 Bg2 32. Nd5 Bxd5 0-1